| 000 | 00420pab a2200157 454500 | ||
|---|---|---|---|
| 008 | 180718b1990 xxu||||| |||| 00| 0 eng d | ||
| 100 | _aHammond, Thomas H. (Michigan S | ||
| 245 | _aIn defence of Luther Gulick's notes on the theory of organisation | ||
| 260 | _c1990 | ||
| 300 | _a143-73 | ||
| 362 | _aSummer | ||
| 650 | _aOrganisation | ||
| 700 | _atate Univ.) | ||
| 773 | _aPUblic Administration | ||
| 909 | _a14689 | ||
| 999 |
_c14689 _d14689 |
||